Simon and Garfunkel: Figure Out the Lyrics IV Quiz Stats

 Plays Quiz not verified by Sporcle

Score 0/191 Timer 10:00
6 Plays Today
% Correct
a
97.8%
a
97.8%
a
97.8%
a
97.8%
I
97.2%
I
97.2%
I
97.2%
I
97.2%
I
97.2%
I
97.2%
I
97.2%
I
97.2%
I
97.2%
the
92.6%
the
92.6%
The
92.6%
the
92.6%
the
92.6%
an
86.5%
and
81.9%
And
81.9%
and
81.9%
and
81.9%
And
81.9%
and
81.9%
And
81.9%
and
81.9%
me
81.2%
me
81.2%
me
81.2%
me
81.2%
me
81.2%
me
81.2%
me
81.2%
me
81.2%
to
81.1%
to
81.1%
to
81.1%
to
81.1%
in
80.6%
in
80.6%
In
80.6%
in
80.6%
love
78.2%
love
78.2%
love
78.2%
On
77%
my
75.3%
My
75.3%
my
75.3%
my
75.3%
my
75.3%
my
75.3%
my
75.3%
my
75.3%
my
75.3%
my
75.3%
my
75.3%
my
75.3%
my
75.3%
for
74%
For
74%
for
74%
for
74%
% Correct
for
74%
for
74%
is
73.1%
be
72.9%
of
69.8%
Of
69.8%
of
69.8%
where
69.6%
where
69.6%
where
69.6%
where
69.6%
where
69.6%
where
69.6%
where
69.6%
where
69.6%
where
69.6%
was
65%
was
65%
was
65%
one
59.4%
one
59.4%
I'm
56.3%
Home,
55.2%
Home,
55.2%
Home,
55.2%
Home,
55.2%
Home,
55.2%
Home,
55.2%
Home,
55.2%
Home,
55.2%
Home,
55.2%
that
55.1%
night
54%
man
52.5%
waiting
52%
waiting
52%
waiting
52%
wish
51.6%
wish
51.6%
wish
51.6%
bound
50.2%
bound
50.2%
bound
50.2%
bound
50.2%
bound
50.2%
bound
50.2%
Homeward
50.1%
Homeward
50.1%
Homeward
50.1%
Homeward
50.1%
Homeward
50.1%
Homeward
50.1%
Silently
49.7%
Silently
49.7%
Silently
49.7%
Silently
49.7%
Got
48.7%
see
48.3%
lies
47.9%
lies
47.9%
lies
47.9%
every
47.6%
every
47.6%
all
46.7%
% Correct
station
44.7%
hand
44.7%
sittin'
44.2%
railway
44%
thought's
44%
thought's
44%
thought's
44%
ticket
43.7%
destination,
43.6%
band
43.3%
play
42.9%
Like
42.9%
guitar
42.8%
long
42.2%
stands
41.3%
come
40.3%
suitcase
39.1%
But
38.9%
playing
37.9%
playing
37.9%
playing
37.9%
poet
37.2%
music's
36.9%
music's
36.9%
music's
36.9%
I'll
35.9%
I'll
35.9%
back
34.6%
tour
34%
sing
32.9%
escaping
32.4%
escaping
32.4%
escaping
32.4%
same
31.7%
Reminds
31.5%
stop
31.4%
need
31%
planned
30.4%
town
30.2%
each
30%
looks
29.9%
mediocrity
29.7%
neatly
29.6%
factories
28.5%
face
28%
shades
27.8%
songs
27.4%
words
26.5%
someone
25.9%
magazines,
25.8%
cigarettes
25.7%
movies
25%
game
24.9%
endless
24.6%
again
24.5%
pretend,
23.7%
stranger's
22.8%
comfort
22.8%
stream
22.7%
harmony
22%
Tonight
20.5%
emptiness
19.8%
Everyday's
15.1%

You're not logged in!

Compare scores with friends on all Sporcle quizzes.
OR
Log In

You Might Also Like...

Show Comments

Extras

Top Quizzes Today


Score Distribution

Your Account Isn't Verified!

In order to create a playlist on Sporcle, you need to verify the email address you used during registration. Go to your Sporcle Settings to finish the process.

Report this User

Report this user for behavior that violates our Community Guidelines.

Details: